00750 2200241 4500001002100000005001500021035002000036245008100056100003800137300002100175700003700196700004200233264003400275336002100309337003000330338001800360082001200378084001800390020002200408650002400430008004100454990001300495INLIS00000000000237720250811023349 a0010-08250001071 aSultan shalahuddin al-ayyubi : penakluk jerussalem /cAbdullah Nashih 'Ulwan0 aAbdullah Nashih 'UlwanePengarang a228 hal ;c14 cm0 aMuhammad Isa AnshoryePenerjemah0 aAbu Hussamuddin Al-FawwazePenyunting aSolo :bPustaka Arafah,c2012 2rdacontentaTeks 2rdamediaaTanpa Perantara 2rdacarriera- a297.092 a297.092 ABD s a978-602-9024-18-0 4aSejarah Tokoh Islam250811 0 ind  a25000584